000 00239nam a22000857a 4500
008 160926b xxu||||| |||| 00| 0 eng d
100 _9756
_aBala Subramanian.P.
245 _aBridges activity book-3
260 _aNew Delhi
_bFrank Publications
_c2012
999 _c3413
_d3413